Loading...
| History - European | 4 | 4 | 0 | 0 | 100 | 54 | 77.88 | 2 | 4 | 0.00 | 0.00 |
| Religion | 1 | 7 | 0 | 1 | 85 | 45 | 102.88 | 2 | 5 | 0.00 | 0.00 |
| Literature - British | 1 | 7 | 1 | 0 | 80 | 52 | 97.50 | 2 | 7 | 0.00 | 0.00 |
| History - Other | 3 | 3 | 0 | 1 | 75 | 27 | 67.83 | 3 | 4 | 0.00 | 0.00 |
| Literature - World | 0 | 6 | 0 | 0 | 60 | 95 | 115.17 | 0 | 4 | 0.00 | 0.00 |
| Social Science | 1 | 5 | 2 | 1 | 55 | 64 | 89.33 | 2 | 4 | 0.00 | 0.00 |
| Fine Arts - Visual | 1 | 4 | 1 | 1 | 50 | 68 | 114.60 | 3 | 4 | 0.00 | 0.00 |
| History - American | 2 | 2 | 1 | 1 | 45 | 66 | 82.00 | 0 | 3 | 0.00 | 0.00 |
| History - World | 0 | 4 | 0 | 1 | 40 | 69 | 78.25 | 1 | 2 | 0.00 | 0.00 |
| Fine Arts - Other | 0 | 4 | 0 | 0 | 40 | 87 | 100.50 | 1 | 2 | 0.00 | 0.00 |
| Literature - European | 0 | 5 | 2 | 1 | 40 | 78 | 105.80 | 1 | 4 | 0.00 | 0.00 |
| Mythology | 0 | 4 | 1 | 0 | 35 | 67 | 89.75 | 1 | 3 | 0.00 | 0.00 |
| Literature - American | 1 | 2 | 1 | 0 | 30 | 74 | 104.67 | 0 | 2 | 0.00 | 0.00 |
| Science - Other | 0 | 3 | 0 | 1 | 30 | 76 | 101.33 | 1 | 1 | 0.00 | 0.00 |
| Philosophy | 0 | 4 | 2 | 0 | 30 | 97 | 108.25 | 1 | 4 | 0.00 | 0.00 |
| Current Events | 0 | 2 | 0 | 0 | 20 | 63 | 69.00 | 1 | 2 | 0.00 | 0.00 |
| Religion- | 0 | 1 | 0 | 0 | 10 | 137 | 137.00 | 0 | 0 | 0.00 | 0.00 |
| Religion- Edited | 0 | 1 | 0 | 0 | 10 | 92 | 92.00 | 0 | 1 | 0.00 | 0.00 |
| Other Academic | 0 | 1 | 0 | 0 | 10 | 108 | 108.00 | 0 | 0 | 0.00 | 0.00 |
| Social Science- Edited | 0 | 1 | 0 | 0 | 10 | 77 | 77.00 | 1 | 1 | 0.00 | 0.00 |
| Science - Biology | 0 | 1 | 1 | 0 | 5 | 70 | 70.00 | 0 | 1 | 0.00 | 0.00 |
| Fine Arts - Auditory | 0 | 0 | 1 | 0 | -5 | 0.00 | 0 | 0 | 0.00 | 0.00 |